书目信息 |
| 题名: |
新冠肺炎疫情期间中国医疗废物管理培训指南
|
|
| 作者: | 任永 主编 ;生态环境部 , 国家医疗废物管理培训基地 主编 | |
| 分册: | ||
| 出版信息: | 北京 中国环境出版集团 2020.11 |
|
| 页数: | 54, 66页 | |
| 开本: | 21cm | |
| 丛书名: | 环境国际以约履约系列丛书 | |
| 单 册: | ||
| 中图分类: | X799.5-62 | |
| 科图分类: | ||
| 主题词: | 日冕形病毒--ri mian xing bing du--病毒病--肺炎--医用废弃物--废物管理--技术培训--指南 | |
| 电子资源: | ||
| ISBN: | 978-7-5111-4494-2 | |
| 000 | 01649nam 2200313 450 | |
| 001 | 202021193895 | |
| 005 | 20211025120142.0 | |
| 010 | @a978-7-5111-4494-2@dCNY30.00 | |
| 100 | @a20211002d2020 em y0chiy50 ea | |
| 101 | 0 | @achi@aeng |
| 102 | @aCN@b110000 | |
| 105 | @aa z 000yy | |
| 106 | @ar | |
| 200 | 1 | @a新冠肺炎疫情期间中国医疗废物管理培训指南@Axin guan fei yan yi qing qi jian zhong guo yi liao fei wu guan li pei xun zhi nan@d= Training guidance for the management of medical waste during the COVID-19 outbreak in China@f生态环境部对外合作与交流中心, 国家医疗废物管理培训基地 (上海) 主编@zeng |
| 210 | @a北京@c中国环境出版集团@d2020.11 | |
| 215 | @a54, 66页@c彩图@d21cm | |
| 225 | 2 | @a环境国际以约履约系列丛书@Ahuan jing guo ji yi yue lu^ yue xi lie cong shu |
| 300 | @a生态环境部对外合作与交流中心研究成果 联合国工业发展组织项目成果 | |
| 314 | @a书内题: 任永等主编 | |
| 330 | @a本书分三部分, 医疗废物基本概念、医疗废物全过程管理、疫情期间医疗废物管理。内容包括: 定义及概况 ; 医疗废物分类收集 ; 医疗卫生机构内部运送等。 | |
| 410 | 0 | @12001 @a环境国际以约履约系列丛书 |
| 510 | 1 | @aTraining guidance for the management of medical waste during the COVID-19 outbreak in China@zeng |
| 606 | 0 | @a日冕形病毒@Ari mian xing bing du@x病毒病@x肺炎@x医用废弃物@x废物管理@x技术培训@j指南 |
| 690 | @aX799.5-62@v5 | |
| 701 | 0 | @a任永@Aren yong@4主编 |
| 711 | 02 | @a生态环境部@Asheng tai huan jing bu@b对外合作与交流中心@Bdui wai he zuo yu jiao liu zhong xin@4主编 |
| 711 | 02 | @a国家医疗废物管理培训基地@Aguo jia yi liao fei wu guan li pei xun ji di@4主编 |
| 801 | 0 | @aCN@c20210909 |
| 905 | @a河南城建学院图书馆@dX799.5-62@eR572 | |
| 新冠肺炎疫情期间中国医疗废物管理培训指南= Training guidance for the management of medical waste during the COVID-19 outbreak in China/生态环境部对外合作与交流中心, 国家医疗废物管理培训基地 (上海) 主编.-北京:中国环境出版集团,2020.11 |
| 54, 66页:彩图;21cm.-(环境国际以约履约系列丛书) |
| 生态环境部对外合作与交流中心研究成果 联合国工业发展组织项目成果 |
| ISBN 978-7-5111-4494-2:CNY30.00 |
| 本书分三部分, 医疗废物基本概念、医疗废物全过程管理、疫情期间医疗废物管理。内容包括: 定义及概况 ; 医疗废物分类收集 ; 医疗卫生机构内部运送等。 |
| ● |
| 相关链接 |
|
|
|
正题名:新冠肺炎疫情期间中国医疗废物管理培训指南
索取号:X799.5-62/R572
 
预约/预借
| 序号 | 登录号 | 条形码 | 馆藏地/架位号 | 状态 | 备注 |
| 1 | 1543084 | 215430843 | 自科库501/501自科库 112排1列2层/ [索取号:X799.5-62/R572] | 在馆 |